| 000 | 00748nam a22002770a 4500 | ||
|---|---|---|---|
| 001 | PT39985 | ||
| 003 | AR-LpoUNG | ||
| 005 | 20250130113518.0 | ||
| 008 | 191001s2008||||ag |||||||||||||||||spa d | ||
| 020 |
_a9789871271139 _c$57.50 |
||
| 040 |
_aAR-LpoUNG _bspa _cAR-LpoUNG _eaacr |
||
| 041 | 1 |
_aspa _aeng _afre |
|
| 044 | _aag | ||
| 082 | 0 | _aA863 93inv | |
| 100 | 1 | _aOubiña, David | |
| 245 | 1 | 0 |
_aInvasión : _bBorges : Bioy Casares : Santiago |
| 260 |
_aBuenos Aires : _bMalba - Fundación Costantini, _cmarzo de 2008. |
||
| 300 |
_a151 p. : _bfot. + DVD |
||
| 650 | 4 | _aAUTORES | |
| 650 | 4 | _aLITERATURA | |
| 650 | 4 | _aPELICULAS | |
| 653 | 0 | _aCIENCIA FICCION | |
| 700 | 1 |
_aCostantini, Eduardo _eed. |
|
| 905 | _a39985 | ||
| 942 |
_cLIB _2ddc |
||
| 999 |
_c5506 _d5506 |
||